About translation
Saved in:
| Hovedforfatter: | |
|---|---|
| Format: | Bog |
| Sprog: | engelsk |
| Udgivet: |
Clevedon
Muktilingual Matters LTD
1991
|
| Serier: | Multilingual Matters, 74
|
| Fag: | |
| Tags: |
Tilføj Tag
Ingen Tags, Vær først til at tagge denne postø!
|
MARC
| LEADER | 00000nam a2200000 a 4500 | ||
|---|---|---|---|
| 001 | UCT2531 | ||
| 003 | CL-VaPUC | ||
| 008 | 961011e19910000uk |||||||||||||||||eng|d | ||
| 082 | 0 | 4 | |a 418.02 |b NEW |2 21 |
| 100 | |a Newmark, Peter |e author |9 392042 | ||
| 245 | 1 | 0 | |a About translation |
| 300 | |a 184 p | ||
| 942 | |c BK | ||
| 945 | |d 19961011 00:00:00 |a rleighto | ||
| 260 | |a Clevedon |b Muktilingual Matters LTD |c 1991 | ||
| 650 | 0 | |a Traducción e interpretación |9 315998 | |
| 650 | 0 | |a Lingüística |9 265068 | |
| 650 | 0 | |a Lenguaje |9 265069 | |
| 650 | 0 | |a Comunicación |9 257251 | |
| 583 | |a last modification |c 20171127 01:32:12 |k Rodrigo Vera | ||
| 490 | 0 | |a Multilingual Matters, 74 | |
| 999 | |c 252593 |d 252591 | ||
| 952 | |0 0 |1 0 |4 0 |6 418_020000000000000_NEW_1991 |7 0 |8 A |9 272527 |a BIBEDU |b BIBEDU |d 2019-11-19 |i 3240495 |o 418.02 NEW 1991 |p 3240495 |r 2019-11-19 |w 2019-11-19 |y BK |k LIT | ||